Normal view MARC view

Entry Uniform Title

Number of records used in: 1

001 - CONTROL NUMBER

  • control field: 51257

003 - CONTROL NUMBER IDENTIFIER

  • control field: dpl

005 - DATE AND TIME OF LATEST TRANSACTION

  • control field: 20120821101502.0

008 - FIXED-LENGTH DATA ELEMENTS

  • fixed length control field: 120821|||a|||||| | ||| d

040 ## - CATALOGING SOURCE

  • Original cataloging agency: dpl
  • Transcribing agency: dpl

130 ## - HEADING--UNIFORM TITLE

  • Uniform title: Routledge philosophers / edited by Brian Leiter

670 ## - SOURCE DATA FOUND

  • Source citation: Work cat.: (dpl)68978: Young, Julian. 51256, Schopenhauer/, 2006

670 ## - SOURCE DATA FOUND

  • Source citation: Work cat.: (dpl)68978: Young, Julian. 51256, Schopenhauer/, 2006

© Delhi Public Library
Hit Counter
free hit counter